LEADER 03124nam 22008055 450 001 996466166703316 005 20230406051510.0 010 $a3-540-45909-X 024 7 $a10.1007/11881223 035 $a(CKB)1000000000283713 035 $a(SSID)ssj0000491546 035 $a(PQKBManifestationID)11344480 035 $a(PQKBTitleCode)TC0000491546 035 $a(PQKBWorkID)10473744 035 $a(PQKB)11354927 035 $a(DE-He213)978-3-540-45909-5 035 $a(MiAaPQ)EBC3068019 035 $a(PPN)123138779 035 $a(EXLCZ)991000000000283713 100 $a20100301d2006 u| 0 101 0 $aeng 135 $aurnn#008mamaa 181 $ctxt 182 $cc 183 $acr 200 10$aAdvances in Natural Computation$b[electronic resource] $eSecond International Conference, ICNC 2006, Xi'an, China, September 24-28, 2006, Proceedings, Part II /$fedited by Licheng Jiao, Lipo Wang, Xinbo Gao, Jing Liu, Feng Wu 205 $a1st ed. 2006. 210 1$aBerlin, Heidelberg :$cSpringer Berlin Heidelberg :$cImprint: Springer,$d2006. 215 $a1 online resource (XLII, 998 p.) 225 1 $aTheoretical Computer Science and General Issues,$x2512-2029 ;$v4222 300 $a"... jointly held with the 3rd International Conference on Fuzzy Systems and Knowledge Discovery"--Preface. 311 $a3-540-45907-3 320 $aIncludes bibliographical references and index. 327 $aOther Topics in Natural Computation -- Natural Computation Techniques Applications -- Hardware -- Cross-Disciplinary Topics. 410 0$aTheoretical Computer Science and General Issues,$x2512-2029 ;$v4222 606 $aComputer science 606 $aAlgorithms 606 $aArtificial intelligence 606 $aComputer vision 606 $aPattern recognition systems 606 $aEvolution (Biology) 606 $aTheory of Computation 606 $aAlgorithms 606 $aArtificial Intelligence 606 $aComputer Vision 606 $aAutomated Pattern Recognition 606 $aEvolutionary Biology 615 0$aComputer science. 615 0$aAlgorithms. 615 0$aArtificial intelligence. 615 0$aComputer vision. 615 0$aPattern recognition systems. 615 0$aEvolution (Biology). 615 14$aTheory of Computation. 615 24$aAlgorithms. 615 24$aArtificial Intelligence. 615 24$aComputer Vision. 615 24$aAutomated Pattern Recognition. 615 24$aEvolutionary Biology. 676 $a006.32 702 $aJiao$b Licheng$4edt$4http://id.loc.gov/vocabulary/relators/edt 702 $aWang$b Lipo$4edt$4http://id.loc.gov/vocabulary/relators/edt 702 $aGao$b Xinbo$4edt$4http://id.loc.gov/vocabulary/relators/edt 702 $aLiu$b Jing$4edt$4http://id.loc.gov/vocabulary/relators/edt 702 $aWu$b Feng$4edt$4http://id.loc.gov/vocabulary/relators/edt 712 12$aInternational Conference on Fuzzy Systems and Knowledge Discovery. 906 $aBOOK 912 $a996466166703316 996 $aAdvances in Natural Computation$9772314 997 $aUNISA LEADER 01778oam 2200553 450 001 9910715939203321 005 20210416090056.0 035 $a(CKB)5470000002516704 035 $a(OCoLC)761103926 035 $a(EXLCZ)995470000002516704 100 $a20111115j196811 ua 0 101 0 $aeng 135 $aur||||||||||| 181 $ctxt$2rdacontent 182 $cc$2rdamedia 183 $acr$2rdacarrier 200 10$aObservations on permeation of polytetrafluoroethylene by compounds of rhenium, molybdenum, and tungsten /$fby Harold Leibecki 210 1$aWashington, D.C. :$cNational Aeronautics and Space Administration,$dNovember 1968. 215 $a1 online resource (ii, 13 pages) $cillustrations 225 1 $aNASA/TN ;$vD-4886 300 $a"November 1968." 320 $aIncludes bibliographical references (page 6). 606 $aTungsten compounds$2nasat 606 $aRhenium$2nasat 606 $aMolybdenum compounds$2nasat 606 $aChromium group$2fast 606 $aMolybdenum$2fast 606 $aRhenium$2fast 606 $aSolvents$2fast 606 $aTungsten$2fast 615 7$aTungsten compounds. 615 7$aRhenium. 615 7$aMolybdenum compounds. 615 7$aChromium group. 615 7$aMolybdenum. 615 7$aRhenium. 615 7$aSolvents. 615 7$aTungsten. 700 $aLeibecki$b Harold F.$01419385 712 02$aUnited States.$bNational Aeronautics and Space Administration, 801 0$bOCLCE 801 1$bOCLCE 801 2$bOCLCQ 801 2$bOCLCF 801 2$bGPO 906 $aBOOK 912 $a9910715939203321 996 $aObservations on permeation of polytetrafluoroethylene by compounds of rhenium, molybdenum, and tungsten$93533657 997 $aUNINA